| 000 | 00340nam a22001217a 4500 | ||
|---|---|---|---|
| 020 | _a9789381991954 | ||
| 082 |
_a660.6 _bDEE/BI |
||
| 100 |
_aDeen Kumar Ranjan _9994 |
||
| 245 | _aBiotechnology in Agriculture and Food Processing Prospects For the 21 st Century | ||
| 260 |
_aDelhi _bSwastik Publications _c2015 |
||
| 300 | _a232 | ||
| 942 | _cBK | ||
| 999 |
_c14577 _d14577 |
||